<?xml version="1.0" encoding="UTF-8"?>
<marc:record xmlns:marc="http://www.loc.gov/MARC21/slim">
   <marc:leader>00000nam a2200000 a 4500</marc:leader>
   <marc:datafield ind1="1" ind2=" " tag="100">
      <marc:subfield code="a">Reider, Katja</marc:subfield>
      <marc:subfield code="4">aut</marc:subfield>
      <marc:subfield code="e">Verfasser/-in</marc:subfield>
   </marc:datafield>
   <marc:datafield ind1="0" ind2="0" tag="245">
      <marc:subfield code="a">Kommissar Pfote 8 - Jagd nach dem Feuerteufel</marc:subfield>
   </marc:datafield>
   <marc:datafield ind1="0" ind2="0" tag="245">
      <marc:subfield code="c">Katja Reider</marc:subfield>
   </marc:datafield>
   <marc:datafield ind1=" " ind2="1" tag="264">
      <marc:subfield code="a">Bindlach</marc:subfield>
      <marc:subfield code="b">Loewe</marc:subfield>
      <marc:subfield code="c">2025</marc:subfield>
   </marc:datafield>
   <marc:datafield ind1=" " ind2=" " tag="250">
      <marc:subfield code="a">1. Auflage</marc:subfield>
   </marc:datafield>
   <marc:datafield ind1="1" ind2=" " tag="520">
      <marc:subfield code="a">WUFF! Hier bellt die Polizei! Mein Name ist Pepper und ich werde auch Kommissar Pfote genannt, denn ich löse jeden Fall. PFOTE DRAUF!Feueralarm an der Schillerschule! Es brennt im Chemieraum! War es Brandstiftung? Polizeihund Pepper und seinem zweibeinigen Kollegen Paul fällt eine Gruppe von Schülern auf, die sich nervös verhalten. Sehr verdächtig! Peppers Spürsinn ist geweckt. Jetzt muss er zeigen, dass er einen Feuerteufel wittern kann. Er ist schließlich der beste Polizeihund überhaupt!Ein neuer kniffliger Fall für Pepper!&lt;br/&gt;&lt;br/&gt;  Fortsetzung der erfolgreichen Reihe&lt;br/&gt;  Spannende Themenkombination: Hund und Polizei &lt;br/&gt;  Aus Sicht des Polizeihundes geschrieben&lt;br/&gt;  Zum ersten Selberlesen&lt;br/&gt;  Ausgewogenes Text-Bild-Verhältnis&lt;br/&gt;  Hochwertiges Hardcover&lt;br/&gt;  Mit vierfarbigen Illustrationen&lt;br/&gt;&lt;br/&gt;Antolin!</marc:subfield>
   </marc:datafield>
   <marc:datafield ind1=" " ind2=" " tag="020">
      <marc:subfield code="a">9783743217980</marc:subfield>
      <marc:subfield code="9">9783743217980</marc:subfield>
   </marc:datafield>
   <marc:datafield ind1=" " ind2=" " tag="041">
      <marc:subfield code="a">ger</marc:subfield>
   </marc:datafield>
   <marc:datafield ind1="1" ind2=" " tag="521">
      <marc:subfield code="a">0</marc:subfield>
   </marc:datafield>
   <marc:datafield ind1=" " ind2=" " tag="300">
      <marc:subfield code="a">80 Seiten</marc:subfield>
   </marc:datafield>
</marc:record>
